Central Library OPAC University of Rajshahi

Probability and statistical inference for engineers : a first course (Record no. 51452)

MARC details
000 -LEADER
fixed length control field 00792nam a2200241 a 4500
001 - CONTROL NUMBER
control field 51452
003 - CONTROL NUMBER IDENTIFIER
rucl marc code BD-RjUL
005 - DATE AND TIME OF LATEST TRANSACTION
control field 20211209075649.0
008 - FIXED-LENGTH DATA ELEMENTS--GENERAL INFORMATION
fixed length control field 160831b1959 enk||||| |||| 00| 0 eng d
035 ## - SYSTEM CONTROL NUMBER
System control number (BD-RjUL) 51572
040 ## - CATALOGING SOURCE
Original cataloging agency BD-RjUL
Language of cataloging eng
Transcribing agency BD-RjUL
Modifying agency BD-RjUL
041 ## - LANGUAGE CODE
Language code of text/sound track or separate title eng
082 ## - DEWEY DECIMAL CLASSIFICATION NUMBER
Edition number 23
Classification number 519
Author mark and year DEP 1959
100 10 - MAIN ENTRY--PERSONAL NAME
Personal name Derman, Cyrus
9 (RLIN) 153877
245 ## - TITLE STATEMENT
Title Probability and statistical inference for engineers : a first course
Remainder of title a first course /
Statement of responsibility, etc. Cyrus Derman; Morton Klein
300 ## - PHYSICAL DESCRIPTION
Pagination xii, 144 p. ;
Size 18 cm.
490 ## - SERIES STATEMENT
Series statement University texts in the mathematical sciences.
650 ## - SUBJECT ADDED ENTRY--TOPICAL TERM
Topical term or geographic name as entry element Probabilities.
9 (RLIN) 153878
Topical term or geographic name as entry element Mathematical statistics.
9 (RLIN) 153879
700 ## - ADDED ENTRY--PERSONAL NAME
Personal name Klein ,Morton
856 ## - ELECTRONIC LOCATION AND ACCESS
Materials specified University texts in the mathematical sciences.
942 ## - ADDED ENTRY ELEMENTS (KOHA)
Source of classification or shelving scheme Dewey Decimal Classification
Koha item type Books
Holdings
Lost status Source of classification or shelving scheme Damaged status Not for loan Collection code Permanent Location Current Location Shelving location Date acquired Source of acquisition Cost, normal purchase price Total Checkouts Full call number Date last seen Copy number Koha item type
  Dewey Decimal Classification     Non-fiction Central Library, University of Rajshahi Central Library, University of Rajshahi   07/03/1964 Zeitlinger 30.00   519 DEP 1959 31/08/2016 C-2 Books
  Dewey Decimal Classification     Non-fiction Central Library, University of Rajshahi Central Library, University of Rajshahi   07/03/1964 Zeitlinger 30.00   519 DEP 1959 31/08/2016 C-3 Books
  Dewey Decimal Classification     Non-fiction Central Library, University of Rajshahi Central Library, University of Rajshahi   07/03/1964 Zeitlinger 30.00   519 DEP 1959 31/08/2016 C-4 Books